Nông nghiệp vùng Đồng bằng sông Hồng trong thời gian cải cách hiện nay = L'Agriculture du Delta du Fleuve rouge à l'heure des réformes
Gồm những chủ đề liên quan đến kinh tế nông thôn, chính sách nông nghiệp, nông học, chăn nuôi, tín dụng nông thôn và thủy nông.
Shranjeno v:
| Format: | Knjiga |
|---|---|
| Jezik: | Undetermined |
| Izdano: |
Hà Nội
Nông Nghiệp
1995
|
| Teme: | |
| Oznake: |
Označite
Brez oznak, prvi označite!
|
| Thư viện lưu trữ: | Trung tâm Học liệu Trường Đại học Cần Thơ |
|---|
| LEADER | 00807nam a2200193Ia 4500 | ||
|---|---|---|---|
| 001 | CTU_122672 | ||
| 008 | 210402s9999 xx 000 0 und d | ||
| 082 | |a 631.2 | ||
| 082 | |b N455 | ||
| 245 | 0 | |a Nông nghiệp vùng Đồng bằng sông Hồng trong thời gian cải cách hiện nay = | |
| 245 | 0 | |b L'Agriculture du Delta du Fleuve rouge à l'heure des réformes | |
| 260 | |a Hà Nội | ||
| 260 | |b Nông Nghiệp | ||
| 260 | |c 1995 | ||
| 520 | |a Gồm những chủ đề liên quan đến kinh tế nông thôn, chính sách nông nghiệp, nông học, chăn nuôi, tín dụng nông thôn và thủy nông. | ||
| 650 | |a Agriculture | ||
| 650 | |x Planning | ||
| 904 | |i M.Loan, Năm | ||
| 980 | |a Trung tâm Học liệu Trường Đại học Cần Thơ | ||